Los reflejos condicionados : (Record no. 91042)

MARC details
000 -CABECERA
campo de control de longitud fija 00686nam a2200217 a 4500
005 - FECHA Y HORA DE LA ÚLTIMA TRANSACCIÓN
campo de control 20230221063551.0
008 - ELEMENTOS DE LONGITUD FIJA--INFORMACIÓN GENERAL
campo de control de longitud fija 020828m19291997mx r 000 0 spa d
020 ## - NÚMERO INTERNACIONAL NORMALIZADO PARA LIBROS
Número Internacional Estándar del Libro 8471124157
035 ## - NÚMERO DE CONTROL DEL SISTEMA
Número de control de sistema UPN01000118676
049 ## - COLECCIÓN
Colección CG
050 #4 - SIGNATURA TOPOGRÁFICA DE LA BIBLIOTECA DEL CONGRESO
Número de clasificación QP381
Número de documento/Ítem P3.78
100 1# - ASIENTO PRINCIPAL--NOMBRE PERSONAL
Nombre de persona Pavlov, Iván Pavlovich,
Fechas asociadas al nombre 1849-1936.
245 14 - MENCIÓN DE TÍTULO
Título Los reflejos condicionados :
Resto del título lecciones sobre la función de los grandes hemisferios /
Mención de responsabilidad, etc. Ivan P. Pavlov.
260 ## - PUBLICACIÓN, DISTRIBUCIÓN, ETC.
Lugar de publicación, distribución, etc. Madrid :
Nombre del editor, distribuidor, etc. Morata,
Fecha de publicación, distribución, etc. 1929 (1997 impr.).
300 ## - DESCRIPCIÓN FÍSICA
Extensión 434 p.
440 #0 - MENCIÓN DE SERIE/ASIENTO SECUNDARIO--TÍTULO
Título Raíces de la memoria
650 #4 - ASIENTO SECUNDARIO DE MATERIA - TERMINO TEMATICO
Término de materia o nombre geográfico como elemento de entrada CEREBRO -
Subdivisión general LOCALIZACION DE FUNCIONES
9 (RLIN) 7880
650 #4 - ASIENTO SECUNDARIO DE MATERIA - TERMINO TEMATICO
Término de materia o nombre geográfico como elemento de entrada RESPUESTA CONDICIONADA
650 #2 - ASIENTO SECUNDARIO DE MATERIA - TERMINO TEMATICO
Término de materia o nombre geográfico como elemento de entrada Inhibición
9 (RLIN) 14362
905 ## - TIPO DE MATERIAL
Tipo de material Libro
Holdings
Estado de retiro Estado de pérdida Fuente del sistema de clasificación o colocación Estado dañado No para préstamo Código de colección Localización permanente Ubicación/localización actual Ubicación en estantería Fecha de adquisición Total de préstamos Clasificación Código de barras Fecha visto por última vez Fecha del último préstamo Número de copia Tipo de ítem Koha
    Library of Congress Classification     Colección General Bib. Gregorio Torres Quintero Bib. Gregorio Torres Quintero Planta baja 21/10/2022 16 QP381 P3.78 206392 27/02/2024 20/02/2024 1 Libro
    Library of Congress Classification     Colección General Bib. Gregorio Torres Quintero Bib. Gregorio Torres Quintero Planta baja 07/10/2022 12 QP381 P3.78 206391 25/10/2022 17/10/2022 1 Libro
    Library of Congress Classification     Colección General Bib. Gregorio Torres Quintero Bib. Gregorio Torres Quintero Planta baja 21/10/2022 14 QP381 P3.78 191005 27/02/2024 20/02/2024 1 Libro
    Library of Congress Classification     Colección General Bib. Gregorio Torres Quintero Bib. Gregorio Torres Quintero Planta baja 07/10/2022 19 QP381 P3.78 206393 18/03/2026 06/03/2026 1 Libro